The TTL data book for design engineers / (Record no. 5638)
[ view plain ]
| 000 -LEADER | |
|---|---|
| fixed length control field | 00773cam a2200193Ii 4500 |
| 003 - CONTROL NUMBER IDENTIFIER | |
| control field | OSt |
| 005 - DATE AND TIME OF LATEST TRANSACTION | |
| control field | 20220505125712.0 |
| 008 - FIXED-LENGTH DATA ELEMENTS--GENERAL INFORMATION | |
| fixed length control field | 220505b ||||| |||| 00| 0 eng d |
| 020 ## - INTERNATIONAL STANDARD BOOK NUMBER | |
| International Standard Book Number | - |
| 040 ## - CATALOGING SOURCE | |
| Transcribing agency | ALUPE UNIVERSITY |
| 050 99 - LIBRARY OF CONGRESS CALL NUMBER | |
| Classification number | TK7868.I4 |
| Item number | .T75 1976 |
| 110 2# - MAIN ENTRY--CORPORATE NAME | |
| Corporate name or jurisdiction name as entry element | Texas Instruments Incorporated. |
| Subordinate unit | Semiconductor Group. |
| Authority record control number or standard number | http://id.loc.gov/authorities/names/n79059690 |
| 245 14 - TITLE STATEMENT | |
| Title | The TTL data book for design engineers / |
| Statement of responsibility, etc. | [the Engineering Staff of Texas Instruments Incorporated, Semiconductor Group. |
| 250 ## - EDITION STATEMENT | |
| Edition statement | 2d ed. |
| 260 ## - PUBLICATION, DISTRIBUTION, ETC. | |
| Place of publication, distribution, etc. | Dallas, Tex.: |
| Name of publisher, distributor, etc. | Texas Instruments, Inc., |
| Date of publication, distribution, etc. | c1976. |
| 300 ## - PHYSICAL DESCRIPTION | |
| Extent | 828 p. in various pagings : |
| Other physical details | ill. ; |
| Dimensions | 25 cm. |
| 650 #0 - SUBJECT ADDED ENTRY--TOPICAL TERM | |
| Topical term or geographic name entry element | Transistor-transistor logic circuits. |
| Authority record control number or standard number | http://id.loc.gov/authorities/subjects/sh85136934 |
| 942 ## - ADDED ENTRY ELEMENTS (KOHA) | |
| Source of classification or shelving scheme | |
| Koha item type | Book |
| Suppress in OPAC | CM |
| Withdrawn status | Lost status | Source of classification or shelving scheme | Damaged status | Not for loan | Permanent Location | Current Location | Shelving location | Date acquired | Source of acquisition | Total Checkouts | Full call number | Barcode | Date last seen | Price effective from | Koha item type | Public note |
|---|---|---|---|---|---|---|---|---|---|---|---|---|---|---|---|---|
| AU LIBRARY | AU LIBRARY | Open Shelf | 05.05.2022 | DONATION FROM MOI UNIVERSITY | TK7868.I4 .T75 1976 | 28007964 | 05.05.2022 | 05.05.2022 | Book | CM |